UBT Library

Pharmacology for nursing: (Record no. 1529)

000 -LEADER
fixed length control field 00305nam a22001097a 4500
008 - FIXED-LENGTH DATA ELEMENTS--GENERAL INFORMATION
fixed length control field 160422b xxu||||| |||| 00| 0 eng d
020 ## - INTERNATIONAL STANDARD BOOK NUMBER
International Standard Book Number 9781284044799
041 ## - LANGUAGE CODE
Language code of text/sound track or separate title eng
080 ## - UNIVERSAL DECIMAL CLASSIFICATION NUMBER
Universal Decimal Classification number 618.2
245 ## - TITLE STATEMENT
Title Pharmacology for nursing:
Statement of responsibility, etc Dwayne Accardo; Catherine Bodine; Jacqueline Lee Rosenjack;
942 ## - ADDED ENTRY ELEMENTS (KOHA)
Source of classification or shelving scheme
Item type Books
Holdings
Withdrawn status Lost status Source of classification or shelving scheme Damaged status Not for loan Collection code Permanent location Current location Shelving location Date acquired Total Checkouts Full call number Barcode Date last seen Price effective from Koha item type
          Koleksioni i përgjithshem UBT - Lipjan UBT - Lipjan Koleksioni i përgjithshem 04/22/2016   618.2 ACCA 002-027922 01/04/2017 04/22/2016 Books
          Koleksioni i përgjithshem UBT - Lipjan UBT - Lipjan   11/16/2022   610.73SMI 002-800028700260686 11/16/2022 11/16/2022 Books
UBT Library © 2015-2024. All rights reserved University Education for Business and Technology